LEADER 01487nam a2200409 i 4500 001 991000900939707536 005 20020507175517.0 008 940528s1992 it ||| | ita 020 $a8877865814 035 $ab10773162-39ule_inst 035 $aLE01304047$9ExL 040 $aDip.to Matematica$beng 082 0 $a516 084 $aAMS 00A30 084 $aAMS 01A55 084 $aAMS 01A60 084 $aAMS 51-03 084 $aAMS 51-XX 084 $aLC QA681 100 1 $aScrimieri, Giorgio$0437691 245 10$aFondazione della geometria :$bda Bernhard Riemann a Hermann Weyl :$buber die Hypothesen, welche der Geometrie zu grunde Liegen /$cGiorgio Scrimieri 260 $aGalatina :$bCongedo,$c1992 300 $a318 p. ;$c21 cm. 490 0 $aCollana di filosofia. Saggi ;$v3 650 4$aGeometry-history 650 4$aHistory of mathematicians 650 4$aHistory of mathematics 650 4$aPhilosophy of mathematics 650 4$aGeometry$xFoundations 650 4$aGeometry, Non-Euclidean 907 $a.b10773162$b11-12-17$c28-06-02 912 $a991000900939707536 945 $aLE013 00A SCR11 (1992)$g1$i2013000005553$lle013$o-$pE0.00$q-$rl$s- $t0$u0$v0$w0$x0$y.i10871767$z28-06-02 945 $aLE006 5(091)+6(091) SCR$g1$i2006000178594$lle006$og$pE21.00$q-$rl$s- $t0$u0$v0$w0$x0$y.i15825292$z11-12-17 996 $aFondazione della geometria$9857242 997 $aUNISALENTO 998 $ale013$ale006$b01-01-94$cm$da $e-$fita$git $h0$i1 LEADER 03471oam 2200745 c 450 001 9910563016303321 005 20250513224739.0 024 7 $a10.3726/b14170 035 $a(CKB)5450000000174209 035 $a(oapen)https://directory.doabooks.org/handle/20.500.12854/38923 035 $a(PH02)9783631757024 035 $a(MiAaPQ)EBC30685958 035 $a(oapen)doab38923 035 $a(Au-PeEL)EBL30685958 035 $a(OCoLC)1397575677 035 $a(EXLCZ)995450000000174209 100 $a20240525h20182003 uy 0 101 0 $ager 135 $aurnnunnnannuu 181 $ctxt$2rdacontent 182 $cc$2rdamedia 183 $acr$2rdacarrier 200 00$aWelchen Finanzausgleich braucht Europa?$eEin konkreter Vorschlag zur Neugestaltung der europäischen Finanzbeziehungen mit Simulationsmodell$fRenate Ohr, Holger Niermann, CEGE - Centrum für Europa- 205 $a1st, New ed. 210 $aFrankfurt a.M$cPH02$d2018 210 $d2018, c2003 215 $a1 online resource (378 p.)$c, EPDF 225 0 $acege-Schriften$v5 300 $aPeter Lang GmbH, Internationaler Verlag der Wissenschaften 311 08$a3-631-75702-6 327 $aAus dem Inhalt: Ein konkreter Vorschlag zur Neugestaltung der Finanzbeziehungen in der Europa?ischen Union: Anforderungen an einen europa?ischen Finanzausgleich - Aufgabenverteilung zwischen Union und Mitgliedstaaten - Progressives Beitragssystem - Regionaler Finanzausgleich - Simulationsprogramm. 330 $aDieses Buch entha?lt einen konkreten Vorschlag zur Neugestaltung der Finanzbeziehungen in der EU. Zur Ableitung des europa?ischen Finanzausgleichs werden zuna?chst allgemeine Anforderungen hergeleitet, die ein solcher Ausgleich erfu?llen sollte. Anhand dieses Kriterienkatalogs werden die bestehenden Finanzbeziehungen kritisch beurteilt. Vor der Modellierung der moneta?ren Stro?me erfolgt eine Neuordnung der Aufgabenverteilung zwischen der EU und den Mitgliedstaaten. Daraus ergeben sich die Ausgaben der Gemeinschaft sowie die no?tigen Einnahmen. Am Ende stehen ein progressives Beitragssystem sowie ein regionaler Finanzausgleich, der an die Stelle der Strukturfonds tritt. Die Verteilungswirkungen des Modells werden anhand eines vom Verfasser hierfu?r programmierten Simulationsprogramms untersucht. 517 $aWelchen Finanzausgleich braucht Europa? 606 $aEconomic theory & philosophy$2bicssc 606 $aInternational economics$2bicssc 606 $aPolitical economy$2bicssc 606 $aEconomic systems & structures$2bicssc 610 $abankenunion 610 $abraucht 610 $aEuropa? 610 $aeuropäischen 610 $aFinanzausgleich 610 $afinanzausgleich 610 $aFinanzbeziehungen 610 $akonkreter 610 $aNeugestaltung 610 $aNiermann 610 $aSimulationsmodell 610 $aVorschlag 610 $aWelchen 610 $awirtschaftspolitik 615 7$aEconomic theory & philosophy 615 7$aInternational economics 615 7$aPolitical economy 615 7$aEconomic systems & structures 700 $aNiermann$b Holger$4auth$01327549 702 $aOhr$b Renate$4edt 702 $aNiermann$b Holger$4aut 712 02$aCEGE - Centrum fu?r Europa-,$4aut 801 0$bPH02 801 1$bPH02 906 $aBOOK 912 $a9910563016303321 996 $aWelchen Finanzausgleich braucht Europa$93038003 997 $aUNINA